[Event "HUN-ch Rapid 2018"]
[Site "Ajka"]
[Date "2018.07.20"]
[Round "1"]
[White "Babucs, Illes"]
[Black "Bagi, Mate"]
[Result "0-1"]
[WhiteElo "1803"]
[BlackElo "2394"]
[Annotator "TA"]
[PlyCount "56"]
[EventDate "2018.07.20"]
[EventType "swiss"]
[EventCountry "HUN"]
[SourceTitle "playchess.com"]
[Source "ChessBase"]
[SourceQuality "1"]

{[%evp 15,56,0,0,-12,-9,-16,-27,-66,-50,-84,-81,-92,-64,-86,-50,-75,-63,-58,-47,-47,-36,-37,-22,-21,0,0,0,-32,-48,-45,-51,-62,-77,-198,-210,-214,-218,-351,-312,-422,-387,-366,-358]} 1. e4 e5 2. Nf3 Nc6 3. d4 exd4 4. Nxd4 Nf6 5. Nxc6 bxc6 6. Bd3 d5 7. exd5 cxd5 8. O-O Be7 {LiveBook: 73 Games} 9. c3 {C45: Scotch Game} (9. h3 O-O 10. Nd2 a5 11. Re1 Bb7 12. Nf3 Ne4 13. Be3 Bf6 14. c3 a4 15. a3 c5 16. Qc2 Qb6 {0-1 (49) Jobava,B (2669)-Vallejo Pons,F (2705) Gallipoli 2018}) 9... O-O 10. Nd2 c5 11. Be2 $146 {Black has an edge.} ({Predecessor:} 11. Qc2 Be6 12. Nf3 h6 13. Re1 Bd6 14. Bf5 Bxf5 15. Qxf5 Qd7 16. Nh4 Rfe8 17. Bxh6 Qxf5 18. Nxf5 Bxh2+ 19. Kxh2 {1-0 (40) Havlicek,L (2346)-Knotek,A (1988) Trencianske Teplice 2005}) 11... Rb8 12. Nf3 Bd6 13. b3 h6 14. Re1 Qc7 15. h3 Re8 16. Bd3 Rxe1+ 17. Qxe1 Bd7 18. Be3 Re8 19. Qd2 Ne4 20. Bxe4 dxe4 21. Ne1 Be6 22. Rd1 Be5 23. Qc2 f5 $36 {[%cal Bf7f5,Bf5f4][%mdl 2080] Black is in control.} 24. f3 (24. c4 $17 {might work better.}) 24... f4 $19 25. Bc1 e3 26. Qe2 (26. c4 $142) 26... Bxc3 27. Rd3 Be5 28. Bb2 c4 {Precision: White = 33%, Black = 62%.} 0-1

[Event "HUN-ch Rapid 2018"]
[Site "Ajka"]
[Date "2018.07.20"]
[Round "1"]
[White "Tancsa, Tamas"]
[Black "Jakab, Attila"]
[Result "0-1"]
[WhiteElo "1792"]
[BlackElo "2363"]
[Annotator "TA"]
[PlyCount "58"]
[EventDate "2018.07.20"]
[EventType "swiss"]
[EventCountry "HUN"]
[SourceTitle "playchess.com"]
[Source "ChessBase"]
[SourceQuality "1"]

{[%evp 18,58,37,28,87,33,39,-18,-2,-10,-8,-3,-10,0,0,0,0,-25,-31,-131,-122,-122,-114,-114,-114,-108,-107,-195,-114,-202,-204,-248,-216,-303,-300,-290,-253,-488,-502,-599,-596,-586,-580]} 1. e4 c5 2. Nf3 g6 3. d4 Bg7 4. d5 d6 5. Bb5+ Bd7 6. a4 Nf6 7. Nc3 O-O 8. O-O Na6 9. h3 Nc7 {A43: Schmid Benoni} 10. Bc4 {LiveBook: 25 Games} b6 (10... a6 $11) (10... a6 11. e5 dxe5 12. Nxe5 Be8 13. Bf4 b5 14. axb5 axb5 15. Rxa8 Qxa8 16. Nf3 bxc4 17. Bxc7 {½-½ (44) Wang,Y (2716)-Malakhov,V (2732) Ningbo 2010}) 11. Be3 $146 (11. e5 $16 Nfe8 12. Bf4) ({Predecessor:} 11. Qe2 a6 12. e5 Nfe8 13. Rd1 dxe5 14. Nxe5 Nd6 15. Bf4 Nce8 16. Nc6 Bxc6 17. dxc6 Bxc3 18. bxc3 Kg7 19. Bxa6 Qc7 20. Bb7 Ra5 21. Re1 e6 22. Qe5+ Kg8 23. Rad1 Rxa4 {1-0 (23) Rawicz,K (2261)-Zaskalski,A (2216) Pstragowa 2014}) 11... a6 {White is slightly better.} 12. Qd3 ({White should try} 12. Ba2 $14) 12... b5 13. axb5 axb5 14. Nxb5 Nxb5 15. Bxb5 Bxb5 16. Qxb5 Nxe4 17. Qc4 {[#] Threatens to win with Rxa8.} Nf6 18. Nd2 (18. Qd3 $15) 18... Qb6 $17 19. Nb3 Qb7 20. Rxa8 Rxa8 21. Rd1 Qa6 22. Qf4 (22. Qxa6 $17 {is a better defense.} Rxa6 23. c4) 22... Qa4 (22... Qe2 $19 23. Rd2 Qe1+ 24. Kh2 Nh5) 23. Qf3 (23. Qxa4 $17 Rxa4 24. Nc1) 23... Qc4 $19 24. Rd2 Ra2 25. Qd1 (25. g4 $142) 25... Ne4 ({Don't do} 25... Rxb2 26. Na5 $19) 26. Rd3 Qa4 {[#] And now ...c4 would win.} 27. f3 $2 (27. Nc1 Rxb2 28. Rb3) 27... c4 {Black is clearly winning.} 28. Rd4 Bxd4 29. Nxd4 Ra1 {Precision: White = 18%, Black = 50%.} 0-1

[Event "HUN-ch Rapid 2018"]
[Site "Ajka"]
[Date "2018.07.20"]
[Round "2"]
[White "Erdos, Viktor"]
[Black "Kormos, Adam"]
[Result "1-0"]
[WhiteElo "2617"]
[BlackElo "2286"]
[Annotator "TA"]
[PlyCount "47"]
[EventDate "2018.07.20"]
[EventType "swiss"]
[EventCountry "HUN"]
[SourceTitle "playchess.com"]
[Source "ChessBase"]
[SourceQuality "1"]

{[%evp 14,47,44,37,56,28,93,88,91,91,84,92,92,54,60,59,77,79,77,71,71,71,77,79,70,70,95,85,249,251,227,218,485,337,472,502]} 1. Nf3 g6 2. d4 d6 3. c4 Bg7 4. Nc3 Nd7 5. g3 Ngf6 6. Bg2 {A41: 1 d4 d6: Tartakower System and Modern Defence} c6 (6... O-O 7. O-O e5 8. e4 exd4 9. Nxd4 Re8 10. h3 Nc5 11. Re1 Bd7 12. Bf4 h6 13. Qc2 Qc8 14. Kh2 Ne6 15. Nxe6 Bxe6 16. Nd5 Nd7 17. Rad1 Ne5 18. Bd2 c6 19. Ne3 b5 20. Bc3 bxc4 21. Rxd6 {1-0 (36) Navara,D (2726)-Markus,R (2644) Heraklio 2017}) 7. O-O Qc7 8. e4 {LiveBook: 3 Games. White is slightly better.} e5 9. c5 $146 ({Predecessor:} 9. d5 O-O 10. Ne1 Nb6 11. Qe2 Ne8 12. dxc6 bxc6 13. b3 {½-½ (81) Koksal,E (2324)-Gulden,E (2073) Canakkale 2016}) 9... O-O (9... dxc5 $11 {keeps the balance.} 10. dxe5 Nxe5) 10. cxd6 $16 Qxd6 11. dxe5 Qxd1 12. Rxd1 ({Of course not} 12. Nxd1 Nxe4 13. Nh4 Nec5 $11) 12... Ng4 13. e6 fxe6 14. h3 Ngf6 15. Be3 e5 16. a4 {[%cal Ba2a4,Ba4a5][%mdl 32]} Re8 17. Bf1 $36 {[%cal Bg2f1,Bf1c4,Bc4b3][%mdl 2080] White is in control.} Bf8 18. Bc4+ Kg7 19. Ng5 {Black must now prevent Ne6+.} Nb6 20. Bb3 {And now a5 would win.} Bd7 $2 {[#]} (20... h6 $16) 21. a5 $18 Nc8 22. Nf7 Bxh3 $2 (22... Be6 23. Bxe6 Rxe6) 23. Bh6+ Kg8 24. Ng5+ {Precision: White = 77%, Black = 37%.} 1-0

[Event "HUN-ch Rapid 2018"]
[Site "Ajka"]
[Date "2018.07.20"]
[Round "2"]
[White "Prohaszka, Peter"]
[Black "Egresi, Mate"]
[Result "0-1"]
[WhiteElo "2593"]
[BlackElo "2280"]
[Annotator "RC"]
[PlyCount "126"]
[EventDate "2018.07.20"]
[EventType "swiss"]
[EventCountry "HUN"]
[SourceTitle "playchess.com"]
[Source "ChessBase"]
[SourceQuality "1"]
[TimeControl "1200+5"]

1. d4 {[%emt 0:00:03]} d5 {[%emt 0:00:01]} 2. Bf4 {[%emt 0:00:05]} Nf6 {[%emt 0:00:04]} 3. e3 {[%emt 0:00:09]} e6 {[%emt 0:00:03]} 4. Nd2 {[%emt 0:00:06]} Bd6 {[%emt 0:00:03]} 5. Bg3 {[%emt 0:00:02]} Bxg3 {[%emt 0:00:31]} 6. hxg3 {[%emt 0:00:01]} Qe7 {[%emt 0:00:09]} 7. Ngf3 {[%emt 0:00:24]} b6 {[%emt 0:00:54]} 8. c3 {[%emt 0:00:10]} Bb7 {[%emt 0:00:04]} 9. Ne5 {[%emt 0:01:03]} O-O {[%emt 0:01:08]} 10. Bd3 {[%emt 0:00:20]} g6 {[%emt 0:01:59]} 11. Qf3 {[%emt 0:01:16]} Nbd7 {[%emt 0:00:23]} 12. Qf4 {[%emt 0:03:09]} Nxe5 {[%emt 0:01:20]} 13. dxe5 {[%emt 0:00:05]} Nd7 {[%emt 0:00:03]} 14. Nf3 {[%emt 0:00:35]} f6 {[%emt 0:01:22]} 15. exf6 {[%emt 0:00:37]} Nxf6 {[%emt 0:00:06]} 16. Qg5 {[%emt 0:03:07]} Rae8 {[%emt 0:02:45]} 17. O-O-O {[%emt 0:07:10]} e5 {[%emt 0:02:11]} 18. Bxg6 {[%emt 0:01:17]} hxg6 {[%emt 0:00:12]} 19. Rh6 {[%emt 0:00:34]} Nh7 {[%emt 0:00:57]} 20. Rxg6+ {[%emt 0:00:09]} Kh8 {[%emt 0:00:02]} 21. Qh6 {[%emt 0:00:19]} Rg8 {[%emt 0:01:35]} 22. Rh1 {[%emt 0:00:01]} Rxg6 23. Qxg6 {[%emt 0:00:01]} Rg8 {[%emt 0:00:36]} 24. Nxe5 {[%emt 0:00:02]} Rg7 {[%emt 0:00:54]} 25. Qf5 {[%emt 0:00:02]} Qe8 {[%emt 0:00:37]} 26. Rh6 {[%emt 0:00:16]} Kg8 {[%emt 0:00:45]} 27. Re6 {[%emt 0:00:30]} Qf8 {[%emt 0:00:01]} 28. Qh5 {[%emt 0:00:04]} Qxf2 {[%emt 0:01:03]} 29. a4 {[%emt 0:00:23]} Ba6 {[%emt 0:00:19]} 30. Re8+ {[%emt 0:00:06]} Nf8 {[%emt 0:00:02]} 31. Nd7 {[%emt 0:00:22]} Qf1+ {[%emt 0:00:44]} 32. Kd2 {[%emt 0:00:05]} Qxg2+ {[%emt 0:00:11]} 33. Kc1 {[%emt 0:00:04]} Qf1+ {[%emt 0:00:02]} 34. Kc2 {[%emt 0:00:05]} Rxd7 {[%emt 0:00:42]} 35. Qg5+ {[%emt 0:00:02]} Rg7 {[%emt 0:00:08]} 36. Qxd5+ {[%emt 0:00:01]} Qf7 {[%emt 0:00:06]} 37. Qe5 {[%emt 0:00:04]} Qg6+ {[%emt 0:00:22]} 38. Kb3 {[%emt 0:00:03]} Bd3 {[%emt 0:00:26]} 39. Rd8 {[%emt 0:00:07]} Bc2+ {[%emt 0:00:02]} 40. Ka3 {[%emt 0:00:03]} Qf7 {[%emt 0:00:05]} 41. Qd5 {[%emt 0:00:16]} Qxd5 {[%emt 0:00:08]} 42. Rxd5 {[%emt 0:00:02]} Rxg3 {[%emt 0:00:03]} 43. Re5 {[%emt 0:00:02]} Kf7 {[%emt 0:00:02]} 44. a5 {[%emt 0:00:01]} Nd7 {[%emt 0:00:09]} 45. Rd5 {[%emt 0:00:07]} Ke6 {[%emt 0:00:02]} 46. Rd2 {[%emt 0:00:04]} Bf5 {[%emt 0:00:03]} 47. Rh2 {[%emt 0:00:15]} Rxe3 {[%emt 0:00:07]} 48. Rh8 {[%emt 0:00:00]} Kd6 {[%emt 0:00:12]} 49. Ra8 {[%emt 0:00:02]} Re1 {[%emt 0:00:11]} 50. Kb4 {[%emt 0:00:11]} bxa5+ 51. Kxa5 {[%emt 0:00:04]} Ra1+ {[%emt 0:00:04]} 52. Kb4 {[%emt 0:00:00]} a5+ {[%emt 0:00:03]} 53. Kb3 {[%emt 0:00:06]} Be6+ {[%emt 0:00:04]} 54. Kc2 {[%emt 0:00:01]} Nb6 {[%emt 0:00:05]} 55. Rh8 {[%emt 0:00:08]} a4 {[%emt 0:00:04]} 56. Rh6 {[%emt 0:00:02]} Kd7 {[%emt 0:00:03]} 57. Kd3 {[%emt 0:00:04]} Rb1 {[%emt 0:00:10]} 58. Rh2 {[%emt 0:00:07]} Bb3 {[%emt 0:00:02]} 59. Kd4 {[%emt 0:00:02]} Kc6 {[%emt 0:00:07]} 60. Rh6+ {[%emt 0:00:02]} Kb7 {[%emt 0:00:01]} 61. Rh2 {[%emt 0:00:01]} Nc4 {[%emt 0:00:03]} 62. Kc5 {[%emt 0:00:00]} Rxb2 {[%emt 0:00:04]} 63. Rh1 {[%emt 0:00:06]} a3 {[%emt 0:00:08]} 0-1

[Event "HUN-ch Rapid 2018"]
[Site "Ajka"]
[Date "2018.07.20"]
[Round "2"]
[White "Gledura, Benjamin"]
[Black "Laszlo, Janos"]
[Result "0-1"]
[WhiteElo "2574"]
[BlackElo "2273"]
[Annotator "TA"]
[PlyCount "78"]
[EventDate "2018.07.20"]
[EventType "swiss"]
[EventCountry "HUN"]
[SourceTitle "playchess.com"]
[Source "ChessBase"]
[SourceQuality "1"]

{[%evp 12,78,47,41,48,50,54,25,40,31,34,16,31,41,33,25,34,16,34,3,28,7,37,18,25,11,16,11,25,11,20,0,0,0,0,0,0,0,0,0,0,0,0,0,0,0,0,0,0,-35,-37,-70,-70,-81,0,0,0,-109,-110,-806,-747,-643,-452,-602,-16,-29982,-29982,-29997,-29998]} 1. Nf3 d5 2. g3 Nf6 3. Bg2 c5 4. O-O Nc6 5. c4 e6 6. d4 h6 {E01: Catalan: Early deviations} (6... dxc4 7. dxc5 Qxd1 8. Rxd1 Bxc5 9. Nfd2 Na5 10. Na3 Bxa3 11. bxa3 O-O 12. Ne4 Nxe4 13. Bxe4 e5 14. Bb2 Re8 15. Bc3 {½-½ (31) Karjakin,S (2753)-Anand,V (2767) Wijk aan Zee 2018}) 7. Nc3 {LiveBook: 4 Games} Bd6 8. cxd5 exd5 {White is slightly better.} 9. Nb5 Be7 10. dxc5 $146 ({Predecessor:} 10. Bf4 O-O 11. dxc5 Bxc5 12. Qc2 Be7 13. Rfd1 Be6 14. Nc7 Rc8 15. Nxe6 fxe6 16. Bh3 Nd4 17. Qd3 Nxf3+ 18. exf3 Rc6 19. Rac1 Rb6 20. Bc7 {1-0 (20) Lebreton,F (1947)-Foussard,G (2030) France 2007}) 10... Bxc5 11. a3 O-O 12. b4 Bb6 13. Bb2 Re8 14. e3 Bg4 15. Qb3 a6 16. Nbd4 Qd6 (16... Bxd4 $5 17. Nxd4 Ne5 $14) 17. Rac1 Ne4 18. Qd3 Bxf3 19. Nxf3 Nxf2 20. Rxf2 {[#] And now Qc3 would win.} Bxe3 21. Rcf1 d4 22. Kh1 {Strongly threatening Rc2.} Bxf2 23. Rxf2 Re3 24. Qd2 {[%cal Rf3d4]} Rd8 25. Nxd4 Qe5 {[%cal Rc6d4]} 26. Bxc6 bxc6 27. Kg1 Qe4 {Threatens to win with ...Re1+.} 28. Rf4 Qb1+ 29. Rf1 Qe4 $1 30. Rd1 a5 {[%mdl 1024] Black has compensation.} 31. Qf2 axb4 32. axb4 Rd3 ({Black should try} 32... f6 $17) 33. Re1 $11 Qg4 {[%cal Rd8d4]} 34. Nxc6 (34. Nf5 $1 $11) 34... Rd2 $36 {[%mdl 2048] Black has strong initiative.} 35. Qf4 $2 {[%mdl 8192] [#]} ({Not} 35. Nxd8 $2 Rxf2 36. Kxf2 Qxb4 $19) (35. Re8+ $17 Kh7 36. Rxd8 Rxf2 37. Kxf2) 35... Qh3 $1 $19 {[%csl Gd2][%cal Rh3g2]} 36. Ne7+ Kh7 {[%csl Gd2][%cal Rh3g2]} 37. Qe4+ g6 $2 (37... Kh8 $19 38. Bxg7+ (38. Re2 $2 Rxb2 39. Nd5 Rxe2 $19) 38... Kxg7 39. Nf5+ Kf8) 38. Re2 $2 {[%mdl 8192]} (38. Qf3 $11 f5 39. Nxg6 Kxg6 40. Re6+ Kh7 41. Qb7+ R8d7 42. Re7+ Kg6 43. Rg7+ Rxg7 44. Qxg7+ Kh5 45. Qf7+ Kg5 46. Bf6+ Kg4 47. Qc4+ Kh5 48. Qf7+ Kg4 49. Qc4+ Kh5 50. Qf7+ Kg4) 38... Rd1+ 39. Re1 R8d2 $1 {[%csl LRb2,LRh2] Precision: White = 38%, Black = 51%.} 0-1

[Event "HUN-ch Rapid 2018"]
[Site "Ajka"]
[Date "2018.07.20"]
[Round "2"]
[White "Ruck, Robert"]
[Black "Szalanczy, Emil"]
[Result "1-0"]
[WhiteElo "2570"]
[BlackElo "2214"]
[Annotator "ChessBase"]
[PlyCount "133"]
[EventDate "2018.07.20"]
[EventType "swiss"]
[EventCountry "HUN"]
[SourceTitle "playchess.com"]
[Source "ChessBase"]
[SourceQuality "1"]
[TimeControl "1200+5"]

1. Nf3 {[%emt 0:00:03]} Nf6 {[%emt 0:00:02]} 2. c4 {[%emt 0:00:03]} c5 {[%emt 0:00:01]} 3. Nc3 {[%emt 0:00:02]} Nc6 {[%emt 0:00:01]} 4. g3 {[%emt 0:00:01]} g6 {[%emt 0:00:02]} 5. Bg2 {[%emt 0:00:02]} Bg7 {[%emt 0:00:01]} 6. d4 {[%emt 0:00:02]} cxd4 {[%emt 0:00:04]} 7. Nxd4 {[%emt 0:00:02]} O-O {[%emt 0:00:02]} 8. O-O {[%emt 0:00:02]} Ng4 {[%emt 0:00:02]} 9. e3 {[%emt 0:00:02]} d6 {[%emt 0:00:01]} 10. Nde2 {[%emt 0:00:03]} Nge5 {[%emt 0:02:35]} 11. b3 {[%emt 0:00:42]} a5 {[%emt 0:00:49]} 12. Bd2 Nd3 {[%emt 0:01:10]} 13. Rb1 {[%emt 0:00:48]} Nc5 {[%emt 0:00:19]} 14. h3 Bf5 15. e4 {[%emt 0:00:34]} Bd7 {[%emt 0:00:35]} 16. Be3 {[%emt 0:00:06]} f5 {[%emt 0:02:15]} 17. exf5 {[%emt 0:07:03]} Bxf5 {[%emt 0:00:09]} 18. Rc1 {[%emt 0:00:02]} Kh8 {[%emt 0:01:05]} 19. Nd4 {[%emt 0:00:49]} Bd7 {[%emt 0:01:36]} 20. Qd2 {[%emt 0:00:38]} a4 {[%emt 0:00:19]} 21. Nxc6 {[%emt 0:00:30]} Bxc6 {[%emt 0:00:06]} 22. b4 {[%emt 0:00:11]} Bxg2 23. Kxg2 {[%emt 0:00:03]} Ne6 {[%emt 0:02:46]} 24. Nd5 {[%emt 0:00:26]} a3 {[%emt 0:00:19]} 25. Rfe1 {[%emt 0:00:06]} Rf7 {[%emt 0:01:09]} 26. Re2 {[%emt 0:01:31]} Qd7 {[%emt 0:01:02]} 27. Rce1 {[%emt 0:00:14]} Nc7 {[%emt 0:00:32]} 28. Bg5 {[%emt 0:04:16]} e5 {[%emt 0:00:33]} 29. Be3 {[%emt 0:00:33]} Raf8 {[%emt 0:00:35]} 30. Rd1 {[%emt 0:00:06]} Ne6 {[%emt 0:00:13]} 31. Nb6 {[%emt 0:00:13]} Qc6+ {[%emt 0:00:02]} 32. Qd5 {[%emt 0:00:02]} Nd4 {[%emt 0:00:07]} 33. Bxd4 {[%emt 0:00:38]} exd4 {[%emt 0:00:02]} 34. Qxc6 {[%emt 0:00:09]} bxc6 {[%emt 0:00:01]} 35. Rd3 {[%emt 0:00:01]} Rb7 {[%emt 0:01:13]} 36. c5 {[%emt 0:00:05]} dxc5 {[%emt 0:00:04]} 37. bxc5 {[%emt 0:00:00]} Rf5 {[%emt 0:00:25]} 38. Re8+ {[%emt 0:00:13]} Rf8 {[%emt 0:00:01]} 39. Re6 {[%emt 0:00:12]} Rc7 {[%emt 0:00:18]} 40. Rxa3 {[%emt 0:00:44]} Rd8 {[%emt 0:00:02]} 41. Rd6 {[%emt 0:00:14]} Re8 {[%emt 0:00:17]} 42. Ra8 {[%emt 0:00:11]} Rxa8 {[%emt 0:00:16]} 43. Nxa8 {[%emt 0:00:01]} Rf7 {[%emt 0:00:18]} 44. Nb6 {[%emt 0:00:49]} Bf8 {[%emt 0:00:35]} 45. Rd7 {[%emt 0:00:25]} Rf5 {[%emt 0:00:17]} 46. Na4 {[%emt 0:00:41]} Bxc5 {[%emt 0:00:25]} 47. g4 {[%emt 0:00:02]} Re5 {[%emt 0:00:09]} 48. Nxc5 {[%emt 0:00:05]} Rxc5 {[%emt 0:00:01]} 49. Rxd4 {[%emt 0:00:02]} Rc2 {[%emt 0:00:06]} 50. a4 {[%emt 0:00:02]} c5 {[%emt 0:00:14]} 51. Rd7 {[%emt 0:00:01]} c4 {[%emt 0:00:13]} 52. Rc7 {[%emt 0:00:09]} c3 {[%emt 0:00:13]} 53. Kg3 {[%emt 0:00:02]} Rc1 {[%emt 0:00:06]} 54. Kf4 {[%emt 0:00:12]} c2 {[%emt 0:00:23]} 55. Kg5 {[%emt 0:00:02]} Kg8 {[%emt 0:00:16]} 56. Kf6 {[%emt 0:00:03]} h5 {[%emt 0:00:03]} 57. Kxg6 {[%emt 0:00:01]} Kf8 {[%emt 0:00:01]} 58. Kxh5 {[%emt 0:00:02]} Ke8 {[%emt 0:00:01]} 59. g5 {[%emt 0:00:02]} Kd8 {[%emt 0:00:01]} 60. Rc4 {[%emt 0:00:02]} Ke7 {[%emt 0:00:02]} 61. Kg6 {[%emt 0:00:02]} Kd6 {[%emt 0:00:01]} 62. h4 {[%emt 0:00:03]} Kd5 {[%emt 0:00:00]} 63. Rc8 {[%emt 0:00:01]} Kd4 {[%emt 0:00:01]} 64. h5 {[%emt 0:00:00]} Kd3 {[%emt 0:00:01]} 65. h6 {[%emt 0:00:01]} Rh1 {[%emt 0:00:06]} 66. h7 {[%emt 0:00:02]} Kd2 {[%emt 0:00:12]} 67. Kg7 {[%emt 0:00:02]} 1-0

[Event "HUN-ch Rapid 2018"]
[Site "Ajka"]
[Date "2018.07.20"]
[Round "2"]
[White "Vertetics, Attila"]
[Black "Szakolczai, Peter"]
[Result "1-0"]
[WhiteElo "2506"]
[BlackElo "2194"]
[Annotator "TA"]
[PlyCount "41"]
[EventDate "2018.07.20"]
[EventType "swiss"]
[EventCountry "HUN"]
[SourceTitle "playchess.com"]
[Source "ChessBase"]
[SourceQuality "1"]

{[%evp 15,41,4,-2,0,5,0,58,43,59,39,72,65,79,66,80,78,79,35,93,106,191,162,194,168,1173,1173,2731,2605]} 1. d4 Nf6 2. Bg5 Ne4 3. Bf4 d5 4. e3 e6 5. Bd3 Bd6 6. Bxe4 {A45: Trompowsky Attack} dxe4 (6... Bxf4 7. exf4 dxe4 8. Nc3 Nc6 9. Nge2 f5 10. Qd2 O-O 11. O-O-O a5 12. h3 a4 13. a3 b5 {½-½ (58) Vitiugov,N (2726)-Grandelius,N (2643) Doha 2016}) 7. Qg4 O-O 8. Bxd6 Qxd6 {LiveBook: 3 Games} 9. Nc3 f5 10. Qg3 Qb6 $146 (10... a6 $11) ({Predecessor:} 10... Bd7 11. Nge2 b5 12. a3 a5 13. O-O Na6 {1-0 (44) Ivanisevic,I (2588)-Wobbe,S (2200) Hamburg 2005}) 11. O-O-O $1 $14 Nc6 12. f3 exf3 13. Nxf3 Bd7 14. h4 {[%cal Bh2h4,Bh4h5][%mdl 32]} Rad8 15. h5 h6 16. Qh4 Nb4 ({Black should try} 16... Qb4 $14) 17. Ne5 $16 Bc6 (17... Nd5 $16) 18. Rhg1 {[#] Strongly threatening g4.} Nd5 19. Nxd5 Bxd5 $2 (19... Rxd5 20. Rd3 Rxe5 21. dxe5 Qa5) 20. g4 $18 {[%cal Bg2g4,Bg4g5][%mdl 32]} f4 21. g5 {Precision: White = 64%, Black = 18%.} 1-0

[Event "HUN-ch Rapid 2018"]
[Site "Ajka"]
[Date "2018.07.20"]
[Round "2"]
[White "Horvath, Adam"]
[Black "Varga, Klara"]
[Result "1-0"]
[WhiteElo "2479"]
[BlackElo "2183"]
[Annotator "TA"]
[PlyCount "105"]
[EventDate "2018.07.20"]
[EventType "swiss"]
[EventCountry "HUN"]
[SourceTitle "playchess.com"]
[Source "ChessBase"]
[SourceQuality "1"]

{[%evp 9,105,8,22,18,20,12,10,0,0,0,2,0,0,-5,0,-4,15,-3,-4,-20,-21,-59,-68,-60,-43,-75,-61,-73,-76,-88,-56,-55,-50,-69,0,0,151,156,151,150,133,139,129,137,593,530,544,531,612,483,458,470,437,215,525,512,479,491,564,408,441,442,441,441,432,432,431,431,410,402,393,366,1270,1281,1250,1172,1202,1146,2020,2149,2311,2687,10695,12422,6207,5622,29966,29970,12801,7176,5293,4775,29963,29965,29957,1860,29968,29969]} 1. e4 e6 2. d4 d5 3. Nd2 Be7 4. e5 b6 (4... c5 5. c3 cxd4 6. cxd4 Qb6 7. Ndf3 Bb4+ 8. Bd2 Nc6 9. Bc3 Bd7 10. Qd2 f6 11. Bd3 Nge7 12. Ne2 Bxc3 13. bxc3 fxe5 14. Nxe5 Nxe5 15. dxe5 {1-0 (65) Mamedov,R (2680)-Anton Guijarro,D (2654) Kocaeli 2017}) 5. f4 a5 $146 ({Predecessor:} 5... Qd7 6. Ndf3 Ba6 7. Bxa6 Nxa6 8. Bd2 c5 9. Ne2 h5 10. c3 Nh6 11. Ng5 Rc8 12. Ng3 cxd4 13. cxd4 {0-1 (26) Passarella-Venturino,M Italy 1981}) 6. a4 {C03: French Tarrasch: Unusual Black 3rd moves} Ba6 7. Bxa6 Nxa6 8. Ngf3 {The position is equal.} Qd7 9. O-O h5 10. Nb1 Nh6 11. Be3 Nf5 12. Bf2 O-O-O 13. b3 Kb7 14. Qe2 Rdg8 15. c4 g5 16. fxg5 Bxg5 17. cxd5 Qxd5 18. Nc3 Qc6 19. Ne4 Bd8 20. Rac1 Qd5 21. Rc4 Nb4 ({Black should try} 21... Rg6 $15) 22. Rfc1 $11 Rg4 $2 ({Black should play} 22... Na2 $11 23. Ra1 Nb4) 23. Nf6 $16 Bxf6 24. Rxc7+ Kb8 25. exf6 Rhg8 26. g3 $40 {[%mdl 128] White wants a kill.} ({Reject} 26. Rxf7 $6 Rxg2+ 27. Kf1 (27. Kh1 $2 Rxf2 28. Qxf2 Nd3 $19) 27... Rxh2 $11) 26... Nxd4 $2 {[%mdl 8192]} (26... h4 $16 {is a better chance.}) 27. Nxd4 Rxd4 28. Rxf7 Rd2 29. Qc4 Qxc4 30. Rxc4 Nd5 31. g4 (31. Bd4 $142) 31... hxg4 $2 (31... Rd1+ {is more resistant.} 32. Kg2 hxg4) 32. Bg3+ $18 Ka8 33. Rg7 Rf8 34. f7 {[#] Strongly threatening Rg8.} Ne3 35. Rg8 Rdd8 36. Rxf8 Rxf8 {[%mdl 4096] Endgame [#] KRB-KRN} 37. Rc7 $1 {[%cal Rc7e7]} Nf5 38. Bf4 e5 39. Bxe5 Nh6 40. Bd4 Rxf7 $2 (40... b5 41. Ra7+ Kb8 42. Rxa5 Rxf7 43. Rxb5+ Kc7) 41. Rxf7 Nxf7 42. Bxb6 {KB-KN} Ne5 43. Bxa5 Nd3 44. Bb6 Nc1 45. b4 Na2 46. Bc5 Nc3 47. a5 Kb7 48. Kf2 Ne4+ 49. Ke2 Ng5 50. Bd6 Ka6 51. Ke3 Nf3 52. Kf2 (52. Bg3 $142 Ng5 53. Kf4 Nf7 54. Kxg4 Nh6+ 55. Kg5 Nf7+ 56. Kg6 Nd8 57. h4) 52... Kb5 53. Kg3 {Precision: White = 68%, Black = 41%.} 1-0